| 000 | 00591nam a2200229Ia 4500 | ||
|---|---|---|---|
| 003 | OSt | ||
| 005 | 20220924122540.0 | ||
| 006 | a|||||r|||| 00| 0 | ||
| 007 | ta | ||
| 008 | 220923b |||||||| |||| 00| 0 urd d | ||
| 020 | _c4.50 | ||
| 024 | _a314103 | ||
| 037 | _cTextual | ||
| 040 |
_aARTS _cARTS _burd |
||
| 041 |
_2urd _aurd |
||
| 082 | _aO168,1MRI,1x, B5.1-.3 | ||
| 245 | 0 | _aMarreqa-e-Gham | |
| 260 |
_aLuckhnow _bMunshi Naval Kishore _c1885 |
||
| 650 | _aURDU POETRY | ||
| 942 |
_hO168,1MRI,1x, B5.1-.3 _cTEXL _2CC |
||
| 999 |
_c412078 _d412078 |
||